000 00299nam a2200109Ia 4500
008 171211s9999 xx 000 0 und d
245 _aPro HTML5 Accessibility
245 _cJoshue O. Connor
260 _c2012
650 _xWeb Development
856 _uhttp://down.ebook777.com/012/9781430241942.pdf
999 _c350079
_d350079